Podi Campionati mondiali maschili di pallacanestro - Statistics

Statistiche generali
  • Questo quiz è stato fatto 18 volte
  • Il punteggio medio è 14 su 15
Statistiche sulle risposte
Continente Totale podi Primo posto Secondo posto Terzo posto Nazionale % Corretto
America del Sud 3 1 2 0 Argentina
100%
America del Sud 6 2 2 2 Brasile
100%
America del Nord 1 0 0 1 Canada
100%
Europa 1 0 1 0 Grecia
100%
Europa 2 2 0 0 Spagna
100%
America del Nord 12 5 3 4 Stati Uniti
100%
Europa 2 0 0 2 Francia
94%
Europa 2 1 0 1 Germania
94%
Europa 12 5 5 2 Jugoslavia / Serbia
94%
Asia / Europa 10 3 5 2 Unione Sovietica / Russia
94%
America del Sud 2 0 0 2 Cile
89%
Europa 1 0 0 1 Croazia
83%
Asia / Europa 1 0 1 0 Turchia
83%
Europa 1 0 0 1 Lituania
72%
Asia 1 0 0 1 Filippine
50%
Nessun quiz corrispondente trovato
Distribuzione punteggi
Percentuale di utenti per punteggio
Percentile per numero di risposta
I tuoi punteggi nel tempo
Non hai fatto questo quiz